000
00292nam a2200109Ia 4500
008
230222s9999 xx 000 0 und d
100
_a
Velayudhan Pillai P V
245
2
_a
A R Rajaraja Varma (Malayalam)
250
_a
1
260
_b
University Of Kerala Thiruvananthapuram
_c
1993
942
_c
BK
999
_c
32485
_d
32485